000 00483nam a2200181Ia 4500
008 180921t2002 xxu||||| |||| 00| 0 sin d
041 _asin
080 _a59
_bSEN
100 _aSenevirathna,Chaminda
245 _aඅපට හමුවන සත්තු
246 _aApata hamuvana saththu 2
260 _bGunasena
_aColombo
_c2002
300 _a84p., ill., 22 cm
650 _aAnimal
_aZoology
942 _cBK
999 _c16094
_d16094
003 LK-CoDNM
040 _aLK-CoDNM
_dLK-CoDNM
_eLK-CoDNM